000 00621nam a2200205 a 4500
001 000017314
005 20240530073918.0
008 100322s1977 dr 000 f spa d
040 _aDO-SdBNP
_bspa
_cBNPHU
082 _aRD863.44
_bS642h
100 1 _aSmith, Evarito
_937970
245 1 0 _aHijo de nadie /
_cEvarito Smith.
260 _aSanto Domingo :
_bCultural Dominicana,
_c1977.
300 _a163 p. ;
_c18 cm.
500 _aTitulo tomado de la portada
590 _aInventariado, 2019/VM
650 0 _aNovela dominicana
_9223
650 0 _aLiteratura dominicana.
_967
910 _aValidado. Control de calidad MFF
999 _c16839
_d16839